Statistics for Moana Movie Quiz

Click here to take the quiz!

General Stats

  • This quiz has been taken 179 times
  • The average score is 14 of 25

Answer Stats

Hint Answer % Correct
Maui earned his first what when he was rejected by his parents as a baby?Tattoo
82%
The above has what role in the village?Chief
80%
Which type of animal accompanies Moana on her voyage to return the heart of the above?Chicken
79%
Which relative of Moana's is the "village crazy lady"?Grandma
78%
What chose Moana to return the heart?The ocean
74%
The above likes things that are what?Shiny
74%
Maui is what type of being?Demigod
74%
Which type of animal accompanies Moana as she tries to go past the above and is shipwrecked?Pig
72%
Which type of animal does Moana's grandmother want to become after she dies?Sting ray
69%
The people on the island are descended from what?Voyagers
67%
Moana's father doesn't want to her to go past the what?Reef
65%
Moana disobeys him in an attempt to find what for the village?Fish
61%
Moana has to return the heart to which goddess?Te Fiti
60%
Which type of animal does Maui turn into when he wants to fly?Hawk
55%
What is the name of the above?Heihei
55%
Maui uses his hook to do what?Shapeshift
55%
What is the name of the volcanic demon?Te Ka
50%
What is the name of the above?Pua
41%
What is the name of the crab that stole Maui's fish hook?Tamatoa
40%
What is the name of Moana's father?Tui
29%
What is the name of the coconut-pirates that try to steal the heart?Kakamora
26%
What is the name of the above?Tala
25%
What is the name of Moana's island?Motunui
22%
What is the name of Moana's mother?Sina
20%
What is the name of the "Realm of Monsters" in which the crab resides?Lalotai
13%

Score Distribution

Percentile by Number Answered

Percent of People with Each Score

Your Score History

You have not taken this quiz